University Home | Library Home | Institutional Repository

Mind : (Record no. 204541)

MARC details
000 -LEADER
fixed length control field 00533 a2200181 4500
005 - DATE AND TIME OF LATEST TRANSACTION
control field 20201111112601.0
008 - FIXED-LENGTH DATA ELEMENTS--GENERAL INFORMATION
fixed length control field 201029b ||||| |||| 00| 0 eng d
020 ## - INTERNATIONAL STANDARD BOOK NUMBER
International Standard Book Number 9780957303003
040 ## - CATALOGING SOURCE
Transcribing agency LC
050 ## - LIBRARY OF CONGRESS CALL NUMBER
Classification number B 105.I52
Item number FIE 2012
100 ## - MAIN ENTRY--PERSONAL NAME
Personal name Field, Steven
245 ## - TITLE STATEMENT
Title Mind :
Remainder of title the realm of reality (a new theory of immaterialism) /
Statement of responsibility, etc. Steven Field and Mirabile Dictu
260 ## - PUBLICATION, DISTRIBUTION, ETC.
Place of publication, distribution, etc. Hastings, TN :
Name of publisher, distributor, etc. Pom Press,
Date of publication, distribution, etc. 2012.
300 ## - PHYSICAL DESCRIPTION
Extent vii, 167 pages.
650 ## - SUBJECT ADDED ENTRY--TOPICAL TERM
Topical term or geographic name entry element Immaterialism
700 ## - ADDED ENTRY--PERSONAL NAME
Personal name Dictu, Mirabile
999 ## -
-- 204541
-- 204541
942 ## - ADDED ENTRY ELEMENTS (KOHA)
Koha item type Book
Holdings
Withdrawn status Lost status Source of classification or shelving scheme Damaged status Not for loan Home library Current library Date acquired Total Checkouts Full call number Barcode Date last seen Copy number Price effective from Koha item type
    Library of Congress Classification     Main Library Main Library 10/29/2020   B 105.I52 FIE 2012 33729005551168 10/29/2020 1 10/29/2020 Book
© 2026 - The University of Zambia Library - Koha v25.11